Oxford essential dictionary : for elementary and pre-intermediate learners of english
Guardado en:
| Formato: | Libro |
|---|---|
| Publicado: |
New York, Oxford University Press,
2006
|
| Materias: | |
| Etiquetas: |
Agregar Etiqueta
Sin Etiquetas, Sea el primero en etiquetar este registro!
|
| LEADER | 00982nam a22002415a 4500 | ||
|---|---|---|---|
| 001 | CEM.cems013087 | ||
| 005 | 20090312084950.0 | ||
| 008 | 130507s2006##################000#0#####d | ||
| 003 | CEMS | ||
| 020 | |a 9780194317221 | ||
| 082 | 0 | 4 | |a 423 |
| 245 | 0 | 0 | |a Oxford essential dictionary : |b for elementary and pre-intermediate learners of english |
| 260 | |a New York, Oxford University Press, |c 2006 | ||
| 300 | |a 488 p. + 1 CD - ROM | ||
| 653 | |a Diccionarios | ||
| 653 | |a Inglés-diccionarios | ||
| 859 | |a CEMS |b BIB. CEMS - 11 de abril |h 423 |i Ox2-4 |p 25523.09 |t Ej.1 | ||
| 859 | |a CEMS |b BIB. CEMS - 11 de abril |h 423 |i Ox2-4 |p 25524.09 |t Ej.2 | ||
| 859 | |a CEMS |b BIB. CEMS - 11 de abril |h 423 |i Ox2-4 |p 25525.09 |t Ej.3 | ||
| 859 | |a CEMS |b BIB. CEMS - 11 de abril |h 423 |i Ox2-4 |p 25526.09 |t Ej.4 | ||
| 859 | |a CEMS |b BIB. CEMS - 11 de abril |h 423 |i Ox2-4 |p 25527.09 |t Ej.5 | ||
| 859 | |a CEMS |b BIB. CEMS - 11 de abril |h 423 |i Ox2-4 |p 25528.09 |t Ej.6 | ||
| 859 | |a CEMS |b BIB. CEMS - 11 de abril |h 423 |i Ox2-4 |p 25808.10 |t Ej.7 | ||
